| 000 | 00969nam a2200313 i 4500 | ||
|---|---|---|---|
| 001 | 200439604 | ||
| 003 | TR-AnTOB | ||
| 005 | 20240723132016.0 | ||
| 007 | ta | ||
| 008 | 210218s1975 tu g 000 0 tur d | ||
| 040 |
_aTR-AnTOB _beng _erda _cTR-AnTOB |
||
| 041 | 0 | _atur | |
| 050 | 1 |
_aKKX940 _b.T4735 1975 |
|
| 090 |
_aKKX940 _b.T4735 1975 |
||
| 100 | 1 |
_aTesal, Reşat D. _eauthor _9129333 |
|
| 245 | 1 | 0 |
_aBanka hukuku bilgisi / _cReşat D. Tesal. |
| 264 | 1 |
_aAnkara : _bTürkiye Bankalar Birliği, _c1975. |
|
| 300 |
_a155 pages ; _c24 cm |
||
| 336 |
_atext _btxt _2rdacontent |
||
| 337 |
_aunmediated _bn _2rdamedia |
||
| 338 |
_avolume _bnc _2rdacarrier |
||
| 490 |
_aTürkiye Bankalar Birliği yayınları ; _vno. 74. |
||
| 490 |
_aEğitim Merkezi Ders Kitapları serisi ; _vno. 13. |
||
| 504 | _aBIB | ||
| 650 | 0 |
_aBanka hukuku _zTürkiye _920511 |
|
| 942 |
_2z _cBK |
||
| 999 |
_c200439604 _d57816 |
||